• 首页
  • 本馆介绍
  • 公告通知
  • 最新文献
  • 馆藏检索
  • 电子资源
  • 读者导购
  • 参考咨询
  • 我的图书馆
  • 登录
  • 详细信息显示
  • 放入我的书架
  • 预约/预借图书
  • 作者相关作品
  • 分类相关作品
  • 丛书相关作品
  • 出版社相关作品

书目信息

  • 表格格式
  • 工作单格式
  • 卡片格式
题名:
化工小商品生产法
    
 
作者: 詹益兴 , 叶敏 主编
分册: 续篇  
出版信息: 长沙   湖南科学技术出版社  1988.1
页数: 656页
开本: 19厘米
丛书名:
单 册:
中图分类: TQ07
科图分类: 29.496
主题词: 化工商品--生产--方法
电子资源:
ISBN: 7-5357-0158-2
000 00877nam0 2200265 45
001 0188015058
005 20070710085025.81
010    @a7-5357-0158-2@dCNY5.10
020    @aCN@b88015058
100    @a19910417d1988 m y0chiy0120 ea
101 0  @achi
102    @aCN@b430000
105    @ay z 000yy
200 10 @a化工小商品生产法@Ahua gong xiao shang pin sheng chan fa@h续篇@f詹益兴主编@Fzhan yi xing zhu bian@g叶 敏等编
210    @a长沙@c湖南科学技术出版社@d1988.1
215    @a656页@d19厘米
330    @a本书共分14类,介绍了近年国内外市场行销的约800个化工小商品的配方和制法。
540 1  @a化工小商品生产法@Ahua gong xiao shang pin sheng chan fa
606    @a化工商品@x生产@x方法
690    @aTQ07@v1980
692    @a29.496@v1974
701  0 @a詹益兴@Azhan yi xing@4主编
701  0 @a叶敏@Aye min@4编
801  0 @aCN@bTSSF@c20070710
905    @a10447@dTQ07@e155
    
    化工小商品生产法.续篇/詹益兴主编/叶 敏等编.-长沙:湖南科学技术出版社,1988.1
    656页;19厘米
    
    
    ISBN 7-5357-0158-2:CNY5.10
    本书共分14类,介绍了近年国内外市场行销的约800个化工小商品的配方和制法。
●
相关链接 在E读中查询图书 在五车中查询图书 在当当中查询图书 在豆瓣中查询图书


正题名:化工小商品生产法     索取号:TQ07/155         预约/预借

序号 登录号 条形码 馆藏地/架位号 状态 备注
1 0766838   207668380   第二样本阅览室/ [索取号:TQ07/155] 在馆    
唐山师范学院图书馆 欢迎您!
大连网信软件有限公司© 版权所有